Statistics for 25 players to make one England appearance

Click here to take the quiz!

General Stats

  • This quiz has been taken 7 times
  • The average score is 10 of 25

Answer Stats

ClueAnswer% Correct
Bolton (retired)Kevin Davies
86%
StokeRyan Shawcross
86%
Sheff UDean Henderson
57%
BurnleyJack Cork
57%
CardiffJay Bothroyd
57%
BrightonLewis Dunk
57%
Crystal PalaceMartin Kelly
57%
BournemouthDominic solanke
43%
LeicesterJames Maddison
43%
NorwichJohn Ruddy
43%
BirminghamJude Bellingham
43%
BournemouthLewis Cook
43%
Wolves (retired)Matt Jarvis
43%
SouthamptonNathan redmond
43%
Tottenham (retired)Ryan Mason
43%
SouthmaptonAlex McCarthy
29%
ArsenalCarl Jenkinson
29%
HulllFraizer Campbell
29%
BurnleyJay rodriguez
29%
LiverpoolJon Flanagan
29%
Man UMason Greenwood
29%
DerbyFikayo Tomori
14%
LeicesterHarvey Barnes
14%
QPRSteven Caulker
14%
WatfordNathanial Chalobah
0%

Score Distribution

Percentile by Number Answered

Percent of People with Each Score

Your Score History

You have not taken this quiz